C HOW RO PROGRAM, 3RD ED. (Record no. 153)

MARC details
000 -LEADER
fixed length control field 00457nam a22001817a 4500
005 - DATE AND TIME OF LATEST TRANSACTION
control field 20250422094349.0
008 - FIXED-LENGTH DATA ELEMENTS--GENERAL INFORMATION
fixed length control field 160428b xxu||||| |||| 00| 0 eng d
020 ## - INTERNATIONAL STANDARD BOOK NUMBER
ISBN 81-7808-383-3
041 ## - LANGUAGE CODE
Language code of text/sound track or separate title eng
082 ## - DEWEY DECIMAL CLASSIFICATION NUMBER
Item number 00527
Classification number 005.133
100 ## - MAIN ENTRY--AUTHOR NAME
Personal name DEITELl. H.M. AND DEITEL, P.J.
245 ## - TITLE STATEMENT
Title C HOW RO PROGRAM, 3RD ED.
250 ## - EDITION STATEMENT
Edition statement 3RD ED.
260 ## - PUBLICATION, DISTRIBUTION, ETC. (IMPRINT)
Place of publication New Delhi
Name of publisher Pearson Education,
Year of publication 2001
300 ## - PHYSICAL DESCRIPTION
Number of Pages 1253
650 ## - SUBJECT ADDED ENTRY--TOPICAL TERM
Topical Term COMPUTER
942 ## - ADDED ENTRY ELEMENTS (KOHA)
Koha item type Books
Holdings
Lost status Damaged status Collection code Home library Current library Shelving location Date acquired Full call number Accession Number Koha item type
    CS/IT JRU Library JRU Library SHELF-54-C 28/04/2016 005.133 00527 Books
    CS/IT JRU Library JRU Library SHELF-54-C 28/04/2016 005.133 00528 Books
    CS/IT JRU Library JRU Library SHELF-54-C 28/04/2016 005.133 00529 Books
    Reference JRU Library   SHELF-30-A 28/04/2016 00527 00530 Books
    CS/IT JRU Library JRU Library SHELF-54-C 28/04/2016 005.133 00531 Books